[Event "Oberliga Baden 2324"]
[Site "Germany"]
[Date "2024.03.17"]
[Round "8.4"]
[White "Cernov, Henrik"]
[Black "Zuse, Peter"]
[Result "1/2-1/2"]
[WhiteElo "2102"]
[BlackElo "2207"]
[PlyCount "35"]
[EventDate "2023.09.17"]
[EventType "team-tourn"]
[EventRounds "9"]
[EventCountry "GER"]
[SourceTitle "EXT 2025"]
[Source "ChessBase"]
[SourceDate "2024.10.14"]
[SourceVersion "1"]
[SourceVersionDate "2024.10.14"]
[SourceQuality "1"]
[WhiteTeam "Ladenburg"]
[BlackTeam "Walldorf II"]
[WhiteTeamCountry "GER"]
[BlackTeamCountry "GER"]

1. e4 c5 2. Nf3 d6 3. d4 cxd4 4. Nxd4 Nf6 5. Nc3 a6 6. Rg1 Nc6 7. Be2 e5 8. Nb3 Be7 9. g4 Be6 10. g5 Nd7 11. Nd5 Rc8 12. Be3 Na5 13. Nxe7 Kxe7 14. Nxa5 Qxa5+ 15. c3 Qc7 16. Bg4 Qc4 17. Bxe6 Qxe6 18. Qb3 1/2-1/2

[Event "BL2-Sued 2122"]
[Site "Germany"]
[Date "2022.05.01"]
[Round "4.7"]
[White "Trifan, Andrei Ioan"]
[Black "Zuse, Peter"]
[Result "1-0"]
[WhiteElo "2253"]
[BlackElo "2223"]
[PlyCount "85"]
[EventDate "2022.03.05"]
[EventType "team-tourn"]
[EventRounds "10"]
[EventCountry "GER"]
[SourceTitle "EXT 2023"]
[Source "ChessBase"]
[SourceDate "2022.10.05"]
[SourceVersion "1"]
[SourceVersionDate "2022.10.05"]
[SourceQuality "1"]
[WhiteTeam "Baden-Baden II"]
[BlackTeam "Walldorf"]
[WhiteTeamCountry "GER"]
[BlackTeamCountry "GER"]

1. e4 c5 2. Nf3 d6 3. d4 cxd4 4. Nxd4 Nf6 5. Nc3 a6 6. Bg5 e6 7. f4 Be7 8. Qf3 h6 9. Bh4 Qc7 10. 0-0-0 Nbd7 11. f5 Ne5 12. Qh3 Nfg4 13. Be2 h5 14. Rhf1 Bxh4 15. Qxh4 Qe7 16. Qg3 Bd7 17. Kb1 0-0-0 18. h3 h4 19. Qf4 Nf6 20. Qg5 Kb8 21. Rf4 Nd5 22. Qxe7 Nxe7 23. Rf2 N7c6 24. Nf3 Nxf3 25. Bxf3 Bc8 26. Rfd2 Kc7 27. fxe6 fxe6 28. Ne2 Ne5 29. Nd4 Rhf8 30. c4 b6 31. b3 Rf4 32. Kc2 Nxf3 33. Nxf3 Rxe4 34. Kd3 d5 35. cxd5 exd5 36. Rc1+ Kd6 37. Nd4 Bd7 38. Rf2 Rde8 39. Rf3 R8e7 40. g3 hxg3 41. Rxg3 Rh4 42. Rg6+ Be6 43. Nf5+ 1-0

[Event "Bayern-chI Bank Hofmann 22nd"]
[Site "Tegernsee"]
[Date "2018.10.29"]
[Round "3"]
[White "Martinovic, Sasa"]
[Black "Zuse, Peter"]
[Result "1-0"]
[WhiteElo "2555"]
[BlackElo "2234"]
[PlyCount "81"]
[EventDate "2018.10.27"]
[EventType "swiss"]
[EventRounds "9"]
[EventCountry "GER"]
[SourceTitle "CBM 187 Extra"]
[Source "ChessBase"]
[SourceDate "2018.11.04"]
[SourceVersion "1"]
[SourceVersionDate "2018.11.04"]
[SourceQuality "1"]

1. d4 Nf6 2. Bg5 c5 3. Bxf6 gxf6 4. d5 Qb6 5. Qc1 f5 6. c4 d6 7. Nc3 Nd7 8. Qc2 Ne5 9. e3 Bd7 10. Nh3 h5 11. Be2 h4 12. 0-0 Bh6 13. Rab1 a5 14. b3 Rg8 15. a3 Ng6 16. f4 e5 17. dxe6 fxe6 18. e4 Ne7 19. Bh5+ Kd8 20. Rbd1 Rf8 21. e5 Nc8 22. Rd3 Ra6 23. Rfd1 Kc7 24. Ng5 Bxg5 25. fxg5 Kb8 26. exd6 Qd8 27. Qd2 e5 28. Rd5 e4 29. Qf4 Ka8 30. Nb5 Rc6 31. Bg6 Nb6 32. Re5 a4 33. bxa4 Nxc4 34. Re7 Nb2 35. Rd5 Nd3 36. Qd2 c4 37. Nc7+ Kb8 38. Qa5 Rxd6 39. Rxd6 Qxe7 40. Na6+ Ka8 41. Rxd7 1-0

[Event "Oberliga Baden 1718"]
[Site "Baden"]
[Date "2018.02.25"]
[Round "7.8"]
[White "Zuse, Peter"]
[Black "Gasthofer, Viktor"]
[Result "1/2-1/2"]
[WhiteElo "2246"]
[BlackElo "2301"]
[PlyCount "34"]
[EventDate "2017.10.08"]
[EventType "team-tourn"]
[EventRounds "9"]
[EventCountry "GER"]
[SourceTitle "EXT 2019"]
[Source "ChessBase"]
[SourceDate "2018.10.10"]
[SourceVersion "1"]
[SourceVersionDate "2018.10.10"]
[SourceQuality "1"]
[WhiteTeam "Walldorf"]
[BlackTeam "Bad Mergentheim"]
[WhiteTeamCountry "GER"]
[BlackTeamCountry "GER"]

1. e4 e6 2. d4 d5 3. Nc3 dxe4 4. Nxe4 Nd7 5. Nf3 Ngf6 6. Bd3 c5 7. Nxf6+ Nxf6 8. dxc5 Bxc5 9. 0-0 0-0 10. Bg5 b6 11. Qe2 Bb7 12. Rad1 Qc7 13. Bxf6 gxf6 14. Be4 Rad8 15. c3 Rxd1 16. Rxd1 Bxe4 17. Qxe4 Rd8 1/2-1/2

[Event "Bayern-chI Bank Hofmann 21st"]
[Site "Tegernsee"]
[Date "2017.11.05"]
[Round "9"]
[White "Zuse, Peter"]
[Black "Zude, Arno"]
[Result "0-1"]
[WhiteElo "2205"]
[BlackElo "2370"]
[PlyCount "88"]
[EventDate "2017.10.28"]
[EventType "swiss"]
[EventRounds "9"]
[EventCountry "GER"]
[SourceTitle "CBM 181 Extra"]
[Source "ChessBase"]
[SourceDate "2017.12.12"]
[SourceVersion "1"]
[SourceVersionDate "2017.12.12"]
[SourceQuality "1"]

1. Nf3 d5 2. c4 e6 3. d4 Nf6 4. g3 dxc4 5. Qa4+ Nbd7 6. Bg2 a6 7. Qxc4 b5 8. Qc2 Bb7 9. 0-0 c5 10. dxc5 Bxc5 11. Nc3 Rc8 12. a3 0-0 13. Bf4 Qe7 14. Rad1 e5 15. Bc1 Nb6 16. Qf5 e4 17. Nd4 Nc4 18. Qg5 h6 19. Qh4 Nd6 20. g4 Qe5 21. Nb3 Nc4 22. Nxc5 Rxc5 23. e3 Nxa3 24. Ne2 Nc4 25. b3 Nb2 26. Rd4 Nd3 27. Ba3 b4 28. Bxb4 Nxb4 29. Rxb4 Bc8 30. h3 a5 31. Ra4 Ba6 32. Ra2 Rb8 33. Rb1 Bd3 34. Rd1 Bxe2 35. Rxe2 Rxb3 36. Qg3 Qxg3 37. Rd8+ Kh7 38. fxg3 a4 39. Ra8 a3 40. Kf2 Rc4 41. Bf1 Rcc3 42. Ra4 Rb2 43. Ra5 Nd7 44. Kg1 Ne5 0-1

[Event "Bayern-chI Bank Hofmann 21st"]
[Site "Tegernsee"]
[Date "2017.11.04"]
[Round "8"]
[White "Li, Di"]
[Black "Zuse, Peter"]
[Result "1-0"]
[WhiteElo "2459"]
[BlackElo "2205"]
[PlyCount "65"]
[EventDate "2017.10.28"]
[EventType "swiss"]
[EventRounds "9"]
[EventCountry "GER"]
[SourceTitle "CBM 181 Extra"]
[Source "ChessBase"]
[SourceDate "2017.12.12"]
[SourceVersion "1"]
[SourceVersionDate "2017.12.12"]
[SourceQuality "1"]

1. Nf3 Nf6 2. c4 g6 3. Nc3 Bg7 4. d4 d5 5. cxd5 Nxd5 6. Na4 Nf6 7. g3 0-0 8. Bg2 Nbd7 9. Qc2 Nb6 10. Nc5 c6 11. 0-0 Nbd7 12. Nb3 a5 13. e4 a4 14. Nbd2 Nb6 15. h3 Ne8 16. Rd1 Nc7 17. Nb1 Nb5 18. Nc3 Nxc3 19. Qxc3 f5 20. Qe1 fxe4 21. Ng5 Bxd4 22. Be3 e5 23. Nxe4 Bf5 24. Bxd4 exd4 25. Qb4 d3 26. Nc5 Qc7 27. Nxd3 Bxd3 28. Rxd3 Rad8 29. Rxd8 Rxd8 30. Re1 Rd6 31. Re8+ Kg7 32. Kh2 c5 33. Qf4 1-0

[Event "Bayern-chI Bank Hofmann 21st"]
[Site "Tegernsee"]
[Date "2017.10.29"]
[Round "2"]
[White "Kulaots, Kaido"]
[Black "Zuse, Peter"]
[Result "1-0"]
[WhiteElo "2573"]
[BlackElo "2205"]
[PlyCount "69"]
[EventDate "2017.10.28"]
[EventType "swiss"]
[EventRounds "9"]
[EventCountry "GER"]
[SourceTitle "CBM 181 Extra"]
[Source "ChessBase"]
[SourceDate "2017.12.12"]
[SourceVersion "1"]
[SourceVersionDate "2017.12.12"]
[SourceQuality "1"]

1. Nf3 Nf6 2. g3 g6 3. Bg2 Bg7 4. 0-0 0-0 5. c4 c6 6. b3 d5 7. Bb2 Re8 8. d3 Nbd7 9. Na3 a6 10. Rc1 e5 11. cxd5 cxd5 12. Nc2 Qa5 13. a4 Qb6 14. b4 d4 15. e3 dxe3 16. Nxe3 Qxb4 17. Nc4 Qe7 18. Ba3 Qd8 19. Nd6 Bf8 20. Qb3 Bxd6 21. Bxd6 Re6 22. Bc7 Qe7 23. Ng5 Nc5 24. Qa3 Qxc7 25. Nxe6 Bxe6 26. Qxc5 Qd7 27. Qxe5 Nd5 28. a5 Rd8 29. Rb1 f6 30. Qd4 Qf7 31. Rfe1 Rd7 32. Rb2 Ne7 33. Qc5 Nc6 34. Bxc6 bxc6 35. Rxe6 1-0

[Event "Rhein Main op-A 19th"]
[Site "Bad Homburg"]
[Date "2016.05.27"]
[Round "4"]
[White "Hinrichs, Hans Uwe"]
[Black "Zuse, Peter"]
[Result "1/2-1/2"]
[WhiteElo "2079"]
[BlackElo "2215"]
[PlyCount "156"]
[EventDate "2016.05.25"]
[EventType "swiss"]
[EventRounds "7"]
[EventCountry "GER"]
[SourceTitle "EXT 2017"]
[Source "ChessBase"]
[SourceDate "2016.10.25"]
[SourceVersion "1"]
[SourceVersionDate "2016.10.25"]
[SourceQuality "1"]

1. e4 c5 2. Nc3 Nc6 3. g3 g6 4. Bg2 Bg7 5. d3 d6 6. Nh3 Rb8 7. Be3 b5 8. Qd2 b4 9. Nd1 Ne5 10. Qe2 Nf6 11. 0-0 h5 12. f3 Nc6 13. Ng5 Nd4 14. Qd2 e5 15. h3 h4 16. g4 Nh7 17. Nxh7 Rxh7 18. f4 exf4 19. Bxf4 Ne6 20. Bh2 Be5 21. Ne3 Nc7 22. Nc4 Bxh2+ 23. Kxh2 Be6 24. Ne3 Qg5 25. Qf2 Qe5+ 26. Qf4 Nb5 27. Qxe5 dxe5 28. Rf2 Ke7 29. Kg1 Rb6 30. Rff1 Rh8 31. Rfb1 Rhb8 32. Kf2 a5 33. Bf1 a4 34. Be2 Kf6 35. Rf1 a3 36. b3 Nc3 37. Nd1 Nxd1+ 38. Raxd1 Kg5 39. Ke3 R8b7 40. Rg1 Bd7 41. Rdf1 Be8 42. Rf2 Rd6 43. Rgf1 Rbb6 44. Rf3 Rf6 45. R1f2 Rxf3+ 46. Rxf3 Rf6 47. Rxf6 Kxf6 48. Bf3 Kg5 49. Be2 Bd7 50. Bf3 f5 51. gxf5 gxf5 52. exf5 Bxf5 53. Bg2 Kf6 54. Bf1 Ke7 55. Bg2 Kd6 56. Bf1 Be6 57. Bg2 e4 58. dxe4 c4 59. Kd4 cxb3 60. e5+ Ke7 61. cxb3 Bxb3 62. Kc5 Bxa2 63. Kxb4 Ke6 64. Kxa3 Bc4 65. Kb4 Ba6 66. Kc3 Kxe5 67. Kd2 Kf4 68. Ke1 Kg3 69. Bf1 Bc8 70. Ke2 Ba6+ 71. Ke1 Bb7 72. Ke2 Bc6 73. Ke3 Bf3 74. Be2 Bg2 75. Bg4 Bxh3 76. Bxh3 Kxh3 77. Kf2 Kh2 78. Kf1 h3 1/2-1/2

[Event "Bad Woerishofen op 32nd"]
[Site "Bad Woerishofen"]
[Date "2016.03.05"]
[Round "9"]
[White "Zuse, Peter"]
[Black "Mueller, Martin"]
[Result "0-1"]
[WhiteElo "2213"]
[BlackElo "2133"]
[PlyCount "59"]
[EventDate "2016.02.26"]
[EventType "swiss"]
[EventRounds "9"]
[EventCountry "GER"]
[SourceTitle "CBM 171 Extra"]
[Source "ChessBase"]
[SourceDate "2016.04.26"]
[SourceVersion "1"]
[SourceVersionDate "2016.04.26"]
[SourceQuality "1"]

1. Nf3 f5 2. c4 Nf6 3. Nc3 g6 4. g3 Bg7 5. Bg2 0-0 6. 0-0 d6 7. Rb1 a5 8. a3 c6 9. b4 axb4 10. axb4 e5 11. d3 Nh5 12. Nd2 Be6 13. b5 Rf7 14. Qb3 Bh6 15. e3 f4 16. exf4 exf4 17. Re1 fxg3 18. hxg3 Bf5 19. Nde4 Bxc1 20. Rbxc1 Ng7 21. Ra1 Rxa1 22. Rxa1 Qc7 23. c5 dxc5 24. Ng5 Bxd3 25. Qxf7+ Qxf7 26. Nxf7 Kxf7 27. Ra7 cxb5 28. Rxb7+ Ke6 29. Rxb8 b4 30. Na4 0-1

[Event "Bad Woerishofen op 32nd"]
[Site "Bad Woerishofen"]
[Date "2016.03.03"]
[Round "7"]
[White "Zuse, Peter"]
[Black "Bogner, Sebastian"]
[Result "0-1"]
[WhiteElo "2213"]
[BlackElo "2539"]
[PlyCount "70"]
[EventDate "2016.02.26"]
[EventType "swiss"]
[EventRounds "9"]
[EventCountry "GER"]
[SourceTitle "CBM 171 Extra"]
[Source "ChessBase"]
[SourceDate "2016.04.26"]
[SourceVersion "1"]
[SourceVersionDate "2016.04.26"]
[SourceQuality "1"]

1. e4 d5 2. exd5 Qxd5 3. Nc3 Qd8 4. d4 Nf6 5. Nf3 Bg4 6. h3 Bxf3 7. Qxf3 c6 8. Be3 e6 9. Ne4 Be7 10. Be2 0-0 11. Nxf6+ Bxf6 12. c3 Nd7 13. 0-0 Nb6 14. Rfd1 Nd5 15. Bf4 Qb6 16. Rd2 Rad8 17. Qg3 Nxf4 18. Qxf4 e5 19. Qf5 Rd6 20. Rad1 exd4 21. cxd4 Bxd4 22. Bf3 g6 23. Qc2 Re8 24. b3 Qd8 25. g3 Re5 26. Kg2 h5 27. Qc4 b5 28. Qd3 Ree6 29. Bxc6 a6 30. Bf3 h4 31. g4 Qg5 32. Qf1 Qf4 33. Qg1 Re3 34. Rxd4 Qxf3+ 35. Kf1 Qxd1+ 0-1

[Event "Bad Woerishofen op 32nd"]
[Site "Bad Woerishofen"]
[Date "2016.02.28"]
[Round "3"]
[White "Zuse, Peter"]
[Black "Karpatchev, Aleksandr"]
[Result "0-1"]
[WhiteElo "2213"]
[BlackElo "2475"]
[PlyCount "102"]
[EventDate "2016.02.26"]
[EventType "swiss"]
[EventRounds "9"]
[EventCountry "GER"]
[SourceTitle "CBM 171 Extra"]
[Source "ChessBase"]
[SourceDate "2016.04.26"]
[SourceVersion "1"]
[SourceVersionDate "2016.04.26"]
[SourceQuality "1"]

1. e4 e5 2. Nf3 Nc6 3. Bc4 Bc5 4. c3 d6 5. d4 exd4 6. cxd4 Bb6 7. h3 Nf6 8. 0-0 0-0 9. Re1 Nxe4 10. Rxe4 d5 11. Bxd5 Qxd5 12. Nc3 Qd8 13. d5 Ne7 14. Re2 Ng6 15. Be3 Bd7 16. Bxb6 axb6 17. Qd4 Re8 18. Rae1 Rxe2 19. Rxe2 Qf8 20. Ne5 Qd6 21. Nxg6 hxg6 22. Qh4 Re8 23. Rxe8+ Bxe8 24. Qc4 Kf8 25. Qh4 f6 26. Qg4 Qd7 27. Qb4+ Qe7 28. Qd4 g5 29. h4 gxh4 30. Qxh4 Qe1+ 31. Kh2 Qe5+ 32. Kg1 Bf7 33. Qb4+ Kg8 34. Qb5 Qe1+ 35. Qf1 Qd2 36. Qb5 Qc1+ 37. Kh2 Qf4+ 38. Kg1 Qd6 39. Qa4 Qd8 40. Qa7 Qc8 41. d6 cxd6 42. Qxb6 d5 43. Qd6 Qe8 44. Nxd5 Qe1+ 45. Kh2 Qxf2 46. Ne7+ Kh7 47. Qb4 b6 48. a4 g6 49. a5 bxa5 50. Qxa5 Qf4+ 51. Kh1 Qh6+ 0-1

[Event "Oberliga NRW 1516"]
[Site "Germany"]
[Date "2015.09.27"]
[Round "1.4"]
[White "Zuse, Peter"]
[Black "Xu, Xianliang"]
[Result "1/2-1/2"]
[WhiteElo "2196"]
[BlackElo "2228"]
[PlyCount "64"]
[EventDate "2015.09.27"]
[EventType "team-tourn"]
[EventRounds "9"]
[EventCountry "GER"]
[SourceTitle "EXT 2017"]
[Source "ChessBase"]
[SourceDate "2016.10.25"]
[SourceVersion "1"]
[SourceVersionDate "2016.10.25"]
[SourceQuality "1"]
[WhiteTeam "Koeln SF"]
[BlackTeam "Koeln Porz II"]
[WhiteTeamCountry "GER"]
[BlackTeamCountry "GER"]

1. e4 c5 2. Nf3 d6 3. d4 cxd4 4. Nxd4 Nf6 5. Nc3 g6 6. Be3 Bg7 7. f3 0-0 8. Qd2 Nc6 9. 0-0-0 d5 10. Kb1 Nxd4 11. e5 Nf5 12. exf6 Bxf6 13. Nxd5 Qxd5 14. Qxd5 Nxe3 15. Qd2 Nxd1 16. Qxd1 Be6 17. Bd3 Rfd8 18. Qe2 Rd4 19. Rc1 Rad8 20. g4 a6 21. h3 b5 22. Qe3 R4d6 23. f4 Bd4 24. Qe1 Bf6 25. f5 Bd5 26. h4 g5 27. Qe3 h6 28. h5 R8d7 29. a3 Bd4 30. Qe2 Bf6 31. Qe3 Bd4 32. Qe2 Bf6 1/2-1/2

[Event "Kiel op 28th"]
[Site "Kiel"]
[Date "2015.07.25"]
[Round "1"]
[White "Rieper, Julian"]
[Black "Zuse, Peter"]
[Result "1-0"]
[WhiteElo "1906"]
[BlackElo "2256"]
[PlyCount "89"]
[EventDate "2015.07.25"]
[EventType "swiss"]
[EventRounds "9"]
[EventCountry "GER"]
[SourceTitle "CBM 167 Extra"]
[Source "ChessBase"]
[SourceDate "2015.09.14"]
[SourceVersion "1"]
[SourceVersionDate "2015.09.14"]
[SourceQuality "1"]

1. e4 c5 2. Nf3 d6 3. d4 cxd4 4. Nxd4 Nf6 5. Nc3 a6 6. Be3 e5 7. Nb3 Be7 8. f3 Be6 9. Qd2 Nbd7 10. Be2 0-0 11. Nd5 Nxd5 12. exd5 Bf5 13. 0-0 h6 14. Rac1 a5 15. c4 a4 16. Na1 Bg5 17. f4 exf4 18. Bxf4 Bxf4 19. Rxf4 Bg6 20. Nc2 Nc5 21. Nd4 Qb6 22. Rd1 Rfe8 23. h4 Re5 24. Kh2 Rae8 25. b4 axb3 26. axb3 Re3 27. Rf3 R3e4 28. Rh3 Rxd4 29. Qxd4 Rxe2 30. h5 Bc2 31. Rg3 Re5 32. Qg4 Rg5 33. Qc8+ Kh7 34. Rxg5 hxg5 35. Re1 Ne4 36. Qf5+ Kh6 37. Qxf7 Nf6 38. Re7 Qf2 39. Qxg7+ Kxh5 40. Qh8+ Kg4 41. Qh3+ Kf4 42. Rf7 Bf5 43. Rxf6 Ke5 44. Qc3+ Ke4 45. Qf3+ 1-0

[Event "Oberliga NRW 1415"]
[Site "Germany"]
[Date "2015.03.22"]
[Round "8.4"]
[White "Straeter, Timo"]
[Black "Zuse, Peter"]
[Result "1/2-1/2"]
[WhiteElo "2284"]
[BlackElo "2243"]
[PlyCount "99"]
[EventDate "2014.09.14"]
[EventType "team-tourn"]
[EventRounds "9"]
[EventCountry "GER"]
[SourceTitle "EXT 2017"]
[Source "ChessBase"]
[SourceDate "2016.10.25"]
[SourceVersion "1"]
[SourceVersionDate "2016.10.25"]
[SourceQuality "1"]
[WhiteTeam "Wattenscheid"]
[BlackTeam "Koeln SF"]
[WhiteTeamCountry "GER"]
[BlackTeamCountry "GER"]

1. d4 Nf6 2. Nf3 g6 3. Bg5 Bg7 4. Nbd2 d5 5. e3 0-0 6. Bd3 c5 7. c3 Qb6 8. Rb1 cxd4 9. cxd4 Bd7 10. 0-0 Bb5 11. Bxb5 Qxb5 12. Bxf6 Bxf6 13. Qb3 Qd7 14. Rfc1 Nc6 15. Qb5 Rac8 16. Nb3 b6 17. Rc3 Rc7 18. Rbc1 Rfc8 19. h3 Qd6 20. a3 e6 21. Nbd2 Kg7 22. g3 h6 23. Kg2 Kh7 24. h4 h5 25. Qa4 e5 26. dxe5 Nxe5 27. Rxc7 Rxc7 28. Rxc7 Qxc7 29. Qb5 Qc6 30. Nd4 Qxb5 31. Nxb5 Nc6 32. b3 Kg7 33. Kf3 Bb2 34. a4 Kf6 35. Ke2 Ke6 36. Nf3 Kd7 37. Kd3 a6 38. Nbd4 Nxd4 39. Nxd4 Ba3 40. Nf3 Bb2 41. Ng1 Kd6 42. Ne2 Kc5 43. Ng1 Kb4 44. Kc2 Bf6 45. Ne2 Kc5 46. Nf4 Kc6 47. Nd3 a5 48. Nf4 Be5 49. Nd3 Bf6 50. Nf4 1/2-1/2

[Event "Erfurt op 24th"]
[Site "Erfurt"]
[Date "2014.12.29"]
[Round "7"]
[White "Carlstedt, Jonathan"]
[Black "Zuse, Peter"]
[Result "1-0"]
[WhiteElo "2437"]
[BlackElo "2239"]
[PlyCount "115"]
[EventDate "2014.12.26"]
[EventType "swiss"]
[EventRounds "8"]
[EventCountry "GER"]
[SourceTitle "CBM 164 Extra"]
[Source "ChessBase"]
[SourceDate "2015.03.02"]
[SourceVersion "1"]
[SourceVersionDate "2015.03.02"]
[SourceQuality "1"]

1. Nf3 Nf6 2. g3 g6 3. Bg2 Bg7 4. 0-0 0-0 5. d4 d5 6. c4 c6 7. Nc3 dxc4 8. a4 a5 9. e4 Na6 10. Qe2 Nb4 11. Qxc4 Be6 12. Qe2 Bg4 13. Rd1 Qc8 14. Be3 Qe6 15. h3 Bxf3 16. Bxf3 Qd7 17. Kh2 e6 18. h4 Qe7 19. Rac1 Rfe8 20. h5 e5 21. hxg6 hxg6 22. Kg2 exd4 23. Bxd4 Nd7 24. Qe3 Bxd4 25. Rxd4 Kg7 26. Rh1 Rh8 27. Rdd1 Rxh1 28. Rxh1 Rh8 29. Rxh8 Kxh8 30. Qd4+ Kh7 31. Be2 b6 32. f4 Nc5 33. e5 Qd7 34. Qxd7 Nxd7 35. Ne4 Nd5 36. Kf2 f6 37. exf6 N5xf6 38. Nxf6+ Nxf6 39. Bf3 c5 40. g4 Ne8 41. Kg3 Nd6 42. Kh4 Kg7 43. Be2 Kf6 44. Bd3 Nf7 45. g5+ Kg7 46. f5 gxf5 47. Bxf5 Ne5 48. Kg3 Kf7 49. Kf4 Nc4 50. b3 Nd2 51. Bd3 Kg7 52. Bc4 Nxc4 53. bxc4 Kg6 54. Kg4 Kg7 55. Kf5 Kf7 56. Ke5 Kg6 57. Kd5 Kxg5 58. Kc6 1-0

[Event "Biel MTO op 47th"]
[Site "Biel"]
[Date "2014.07.25"]
[Round "11"]
[White "Lampert, Jonas"]
[Black "Zuse, Peter"]
[Result "1-0"]
[WhiteElo "2421"]
[BlackElo "2279"]
[PlyCount "89"]
[EventDate "2014.07.14"]
[EventType "swiss"]
[EventRounds "11"]
[EventCountry "SUI"]
[SourceTitle "CBM 161 Extra"]
[Source "ChessBase"]
[SourceDate "2014.08.29"]
[SourceVersion "1"]
[SourceVersionDate "2014.08.29"]
[SourceQuality "1"]

1. d4 Nf6 2. c4 g6 3. Nc3 d5 4. cxd5 Nxd5 5. Bd2 Bg7 6. e4 Nb6 7. Be3 0-0 8. Be2 e5 9. Nf3 exd4 10. Nxd4 Bd7 11. a4 a5 12. 0-0 Nc6 13. Ndb5 Nb4 14. Qc1 Be6 15. Bf4 Rc8 16. Rd1 Nd7 17. Qd2 Na6 18. Qe3 Qe7 19. Na7 Ra8 20. Nab5 Ne5 21. Qg3 Bb3 22. Nd5 Bxd5 23. exd5 Rad8 24. Rac1 Rfe8 25. Bf1 c6 26. dxc6 bxc6 27. Nd4 Nb4 28. Bg5 Bf6 29. Bxf6 Qxf6 30. Nb3 Qf5 31. Rxd8 Rxd8 32. Nxa5 Ned3 33. Nxc6 Nxc6 34. Rxc6 Nxb2 35. Rd6 Ra8 36. Qh4 Rxa4 37. Rd8+ Kg7 38. Qe7 g5 39. Qf8+ Kg6 40. Rd6+ f6 41. Qe8+ Kh6 42. Qf8+ Kg6 43. Qg8+ Kh6 44. Qb3 Qe5 45. Rb6 1-0

[Event "Bad Woerishofen op 30th"]
[Site "Bad Woerishofen"]
[Date "2014.03.21"]
[Round "1"]
[White "Distelrath, Oliver"]
[Black "Zuse, Peter"]
[Result "0-1"]
[WhiteElo "1964"]
[BlackElo "2262"]
[PlyCount "38"]
[EventDate "2014.03.21"]
[EventType "swiss"]
[EventRounds "9"]
[EventCountry "GER"]
[SourceTitle "CBM 159 Extra"]
[Source "ChessBase"]
[SourceDate "2014.04.24"]
[SourceVersion "1"]
[SourceVersionDate "2014.04.24"]
[SourceQuality "1"]

1. e4 c5 2. Nc3 Nc6 3. f4 g6 4. Nf3 Bg7 5. Bb5 Nd4 6. 0-0 a6 7. Bd3 d6 8. Nxd4 cxd4 9. Ne2 Nf6 10. Qe1 0-0 11. Qh4 e5 12. c3 Bd7 13. f5 Bc6 14. c4 Nxe4 15. Qh3 Nf6 16. Ng3 e4 17. Be2 d3 18. Bd1 d5 19. c5 Qa5 0-1